000 00963nam a2200301Ia 4500
003 OSt
005 20221006160721.0
006 a|||||r|||| 00| 0
007 ta
008 221006b |||||||| |||| 00| 0 eng d
020 _a9781929280148
024 _a46,132
037 _bGift, Japan Foundation
_cTextual
040 _aEASL
_cEASL
_beng
041 _2eng
_aeng
082 _aV42:1953,(Y:1), P2
100 _aSlaymaker Doug Ed.
_9674770
245 0 _aConfluences
_b Postwar Japan and France
260 _aAnn Arbor
_bUniversity of Michigan
_c2002
300 _a149p.
_ccm.
490 _v JEL
_aMichigan Monograph Series in Japanese Studies, Number 42
650 _a France - Civilization
_9582116
650 _a Japan - Civilization
_9590792
650 _a JEL
650 _aJapan - Relations - France
_9674771
942 _hV42:1953,(Y:1), P2
_cTEXL
_2CC
999 _c1114224
_d1114224